| 000 | 01125 a2200205 4500 | ||
|---|---|---|---|
| 001 | 38632 | ||
| 005 | 20260407155648.0 | ||
| 008 | 260407a1977 arg spa d | ||
| 003 | AR-UNSa-BCEJYS | ||
| 040 |
_aAR-UNSa-BCEJYS _bspa _cAR-UNSa-BCEJYS |
||
| 080 |
_a347.725 _xSociedades públicas. Sociedades anónimas (Sociedades por acciones) |
||
| 245 | 1 | 0 | _aLa sindicatura en las sociedades anónimas |
| 264 | 1 |
_aBuenos Aires : _bAbaco _c1977 |
|
| 300 |
_axix, 357 p. _c23 cm. |
||
| 505 | _aParte Primera: Empresa y sociedad anónima: 1. Teoría de la empresa - 2. La sociedad anónima actual - 3. La sociedad anónima argentina -- Parte Segunda: Sindicatura privada: 1. Antecedentes - 2. Naturaleza jurídica - 3. Designación - 4. Requisitos - 5. Funcionamiento - 6. Atribuciones y deberes (I) - 7. Atribuciones y deberes (II) - 8. Atribuciones y deberes (III) - 9. Atribuciones y deberes (IV) - 10. Prohibiciones (I) - 11. Prohibiciones (II) - 12. Responsabilidades (I) - 13. Responsabilidades (II) - | ||
| 041 | _aspa | ||
| 942 | _cBK | ||
| 590 | _aniveau_biblio:m niveau_hierar:0 | ||
| 100 | 1 | _aVerón, Alberto Víctor | |
| 999 |
_c2910 _d2910 |
||